[Event "CAN-ch U16"]
[Site "Ottawa"]
[Date "2007.07.05"]
[Round "5"]
[White "Lai, Matthew"]
[Black "Chung, Kevin"]
[Result "0-1"]
[WhiteElo "1877"]
[BlackElo "2217"]
[PlyCount "96"]
[EventDate "2007.07.03"]
[EventType "swiss"]
[EventRounds "7"]
[EventCountry "CAN"]
[SourceTitle "EXT 2022"]
[Source "ChessBase"]
[SourceDate "2021.10.06"]
[SourceVersion "1"]
[SourceVersionDate "2021.10.06"]
[SourceQuality "1"]

1. e4 e5 2. Nf3 Nc6 3. d4 exd4 4. Nxd4 Nf6 5. Nc3 Bb4 6. Nxc6 bxc6 7. Bd3 0-0 8. 0-0 d5 9. exd5 cxd5 10. Bg5 c6 11. Qf3 Be7 12. h3 h6 13. Bd2 Nh7 14. b3 Ng5 15. Qg3 Bd6 16. f4 Ne6 17. Qf3 Nc5 18. f5 Nxd3 19. cxd3 Qf6 20. Rac1 Bb7 21. Na4 Rfe8 22. Qg4 Ba6 23. Rf3 Re2 24. Bc3 Be5 25. Bxe5 Qxe5 26. Nc5 Bc8 27. d4 Qe7 28. Rf2 Rxf2 29. Kxf2 Qf6 30. Qf4 g5 31. Qe3 Bxf5 32. Kg1 Qd6 33. Rf1 Bg6 34. h4 Kg7 35. hxg5 hxg5 36. Qxg5 Rh8 37. Qf4 Qxf4 38. Rxf4 Re8 39. Kf2 Be4 40. Rg4+ Kf6 41. Nxe4+ dxe4 42. Ke3 Kf5 43. Rf4+ Kg6 44. Rxe4 Rxe4+ 45. Kxe4 Kg5 46. b4 f5+ 47. Ke5 f4 48. b5 cxb5 0-1

[Event "CAN-ch U16"]
[Site "Ottawa"]
[Date "2007.07.04"]
[Round "3"]
[White "Wee, Michael"]
[Black "Lai, Matthew"]
[Result "0-1"]
[WhiteElo "1613"]
[BlackElo "1877"]
[PlyCount "42"]
[EventDate "2007.07.03"]
[EventType "swiss"]
[EventRounds "7"]
[EventCountry "CAN"]
[SourceTitle "EXT 2022"]
[Source "ChessBase"]
[SourceDate "2021.10.06"]
[SourceVersion "1"]
[SourceVersionDate "2021.10.06"]
[SourceQuality "1"]

1. Nf3 Nf6 2. g3 g6 3. Bg2 Bg7 4. 0-0 0-0 5. d3 d5 6. Nbd2 c6 7. e4 Nbd7 8. Ne1 Nb6 9. h3 Qc7 10. f4 dxe4 11. dxe4 Rd8 12. Nd3 Be6 13. Qe1 Nc4 14. Nc5 Qb6 15. Ndb3 Nd7 16. Qf2 Nxc5 17. e5 Nxb3 18. Qxb6 Nxb6 19. axb3 Bd5 20. Bd2 Bxg2 21. Kxg2 Rxd2+ 0-1